| 000 | 00422nab a2200145Ia 4500 | ||
|---|---|---|---|
| 003 | ES-SlBCS | ||
| 005 | 20210601124922.0 | ||
| 008 | 140529s1980 xxu||||| |||| 00| 0 eng d | ||
| 041 | _aeng | ||
| 100 | 1 |
_aBurke, Michael B. _9133131 |
|
| 245 | 0 | 0 |
_aCohabitation, Stuff and Intermittent Existence _c Michael B. Burke |
| 650 | 0 | 4 |
_aCohabitación _9141064 |
| 773 | 0 |
_tMind _gvol. 89, 1980, págs. 391-405 _wRev1408 |
|
| 942 | _cAR | ||
| 999 |
_c521704 _d521704 |
||